[Event "EU-ch Amateur U2300"]
[Site "Niksic"]
[Date "2018.06.20"]
[Round "8"]
[White "Veleski, Robert"]
[Black "Vreljanski, Dragomir"]
[Result "1/2-1/2"]
[WhiteElo "2225"]
[BlackElo "2136"]
[PlyCount "21"]
[EventDate "2018.06.14"]
[EventType "swiss"]
[EventRounds "9"]
[EventCountry "MNE"]
[SourceTitle "CBM 185 Extra"]
[Source "ChessBase"]
[SourceDate "2018.07.29"]
[SourceVersion "1"]
[SourceVersionDate "2018.07.29"]
[SourceQuality "1"]

1. Nf3 d5 2. g3 Nf6 3. Bg2 e6 4. c4 Be7 5. b3 0-0 6. Bb2 c5 7. cxd5 Nxd5 8. 0-0 Nc6 9. d4 cxd4 10. Nxd4 Nxd4 11. Bxd4 1/2-1/2

[Event "Belgrade-chT Quality"]
[Site "Belgrade"]
[Date "2016.10.27"]
[Round "11.4"]
[White "Vreljanski, Dragomir"]
[Black "Kovacic, Misa"]
[Result "0-1"]
[WhiteElo "2150"]
[BlackElo "2148"]
[PlyCount "138"]
[EventDate "2016.10.01"]
[EventType "team-tourn"]
[EventRounds "11"]
[EventCountry "SRB"]
[SourceTitle "EXT 2018"]
[Source "ChessBase"]
[SourceDate "2017.10.13"]
[SourceVersion "1"]
[SourceVersionDate "2017.10.13"]
[SourceQuality "1"]

1. d4 c5 2. d5 e5 3. e4 d6 4. Nc3 Be7 5. Nf3 Bg4 6. h3 Bxf3 7. Qxf3 a6 8. Qg4 g6 9. a4 Nf6 10. Qd1 0-0 11. g3 Nh5 12. h4 Ng7 13. h5 Bg5 14. h6 Ne8 15. Bh3 f5 16. exf5 gxf5 17. Bxf5 Bxc1 18. Be6+ Kh8 19. Qxc1 Nc7 20. Bh3 Nd7 21. Bxd7 Qxd7 22. Qd2 Qf5 23. Qe2 b5 24. Rd1 bxa4 25. Ne4 Rad8 26. Kf1 Qg6 27. Kg2 Rb8 28. c3 Rf5 29. Rh4 Rg8 30. c4 Ne8 31. Ra1 Rgf8 32. Rxa4 Rf4 33. Rxf4 exf4 34. Qf3 Qxh6 35. Rxa6 fxg3 36. Qc3+ Ng7 37. Nxg3 Qg6 38. Ra7 h5 39. Ra1 Kg8 40. Rh1 Rf4 41. Qe3 Rxc4 42. Qe7 Rd4 43. Rh4 Rxd5 44. Rf4 Re5 45. Qd8+ Re8 46. Qh4 Rf8 47. Rxf8+ Kxf8 48. Kh2 Kg8 49. Ne4 Ne8 50. Qe7 c4 51. Nc3 Nf6 52. Qe6+ Qf7 53. Qxf7+ Kxf7 54. Kg3 Ke6 55. Kf4 Nd5+ 56. Nxd5 Kxd5 57. Kg5 Ke6 58. Kg6 h4 59. f4 h3 60. f5+ Ke5 61. f6 h2 62. f7 h1Q 63. f8Q Qg2+ 64. Kh6 Qh3+ 65. Kg6 Qg4+ 66. Kh7 Qh5+ 67. Kg7 Qg5+ 68. Kh8 Qf6+ 69. Qxf6+ Kxf6 0-1

[Event "Belgrade Trophy 27th"]
[Site "Obrenovac"]
[Date "2013.12.01"]
[Round "8"]
[White "Vreljanski, Dragomir"]
[Black "Stefanov, Emil"]
[Result "1-0"]
[WhiteElo "2187"]
[BlackElo "2030"]
[PlyCount "55"]
[EventDate "2013.11.24"]
[EventType "swiss"]
[EventRounds "9"]
[EventCountry "SRB"]
[SourceTitle "CBM 157 Extra"]
[Source "ChessBase"]
[SourceDate "2013.12.19"]
[SourceVersion "1"]
[SourceVersionDate "2013.12.19"]
[SourceQuality "1"]

1. d4 Nf6 2. Nf3 c5 3. d5 b5 4. Bg5 Qa5+ 5. c3 Qa4 6. Qxa4 bxa4 7. Bxf6 gxf6 8. Na3 Na6 9. e3 Rb8 10. 0-0-0 Nc7 11. Nh4 d6 12. Bd3 Bd7 13. Bc2 Na8 14. f4 Nb6 15. Be4 a6 16. Rhe1 Rd8 17. g3 Bc8 18. Bc2 Bd7 19. e4 e6 20. Bd3 Ra8 21. Kb1 Be7 22. Bf1 e5 23. Rd2 Rg8 24. Rf2 Ra7 25. fxe5 fxe5 26. Nf5 Bxf5 27. Rxf5 Rg5 28. Bh3 1-0

[Event "Belgrade Trophy 27th"]
[Site "Obrenovac"]
[Date "2013.11.27"]
[Round "4"]
[White "Vreljanski, Dragomir"]
[Black "Lekic, Dusan"]
[Result "0-1"]
[WhiteElo "2187"]
[BlackElo "2417"]
[PlyCount "113"]
[EventDate "2013.11.24"]
[EventType "swiss"]
[EventRounds "9"]
[EventCountry "SRB"]
[SourceTitle "CBM 157 Extra"]
[Source "ChessBase"]
[SourceDate "2013.12.19"]
[SourceVersion "1"]
[SourceVersionDate "2013.12.19"]
[SourceQuality "1"]

1. d4 Nf6 2. Nf3 b6 3. Bg5 Ne4 4. Bh4 Bb7 5. e3 g6 6. Nbd2 Bg7 7. Nxe4 Bxe4 8. Bc4 0-0 9. c3 h6 10. Bg3 d6 11. 0-0 Nd7 12. Nd2 Bb7 13. f3 e5 14. Qb3 Qe7 15. Rae1 Kh8 16. Qa3 a6 17. dxe5 Nxe5 18. Bxe5 Qxe5 19. f4 Qf6 20. e4 Rae8 21. Qb3 Re7 22. a4 Rfe8 23. Bd5 Bxd5 24. Qxd5 Qe6 25. Qxe6 Rxe6 26. Kf2 b5 27. axb5 axb5 28. f5 Re5 29. g4 Bf6 30. Kg3 Kg7 31. fxg6 fxg6 32. Rf2 Bg5 33. Nf3 Rxe4 34. Rxe4 Rxe4 35. Nxg5 hxg5 36. h3 b4 37. cxb4 Rxb4 38. Rc2 Rb3+ 39. Kg2 Rb7 40. Rf2 c6 41. Rc2 Rb6 42. Rf2 d5 43. Kf1 Rb7 44. Ke1 Rf7 45. Re2 Kf6 46. Kd1 Re7 47. Rf2+ Ke5 48. Kd2 c5 49. Kc3 Rh7 50. Rh2 c4 51. Re2+ Kd6 52. Re3 Rb7 53. Kc2 Re7 54. Ra3 Re2+ 55. Kc1 Re6 56. Kd2 Kc5 57. Rg3 0-1

[Event "Belgrade Trophy 26th"]
[Site "Belgrade"]
[Date "2012.11.29"]
[Round "6"]
[White "Ugrcic, Zoran"]
[Black "Vreljanski, Dragomir"]
[Result "1/2-1/2"]
[WhiteElo "2037"]
[BlackElo "2206"]
[PlyCount "90"]
[EventDate "2012.11.24"]
[EventType "swiss"]
[EventRounds "9"]
[EventCountry "SRB"]
[SourceTitle "CBM 151 Extra"]
[Source "ChessBase"]
[SourceDate "2012.12.18"]
[SourceVersion "1"]
[SourceVersionDate "2012.12.18"]
[SourceQuality "1"]

1. Nf3 Nf6 2. d4 d5 3. g3 Bf5 4. Bg2 e6 5. 0-0 h6 6. c4 c6 7. cxd5 exd5 8. Nc3 Be7 9. Nd2 0-0 10. e4 dxe4 11. Ndxe4 Nxe4 12. Nxe4 Na6 13. Be3 Nc7 14. Nc3 Be6 15. Re1 Qd7 16. Qe2 Rfd8 17. Bf4 Bb4 18. Bxc7 Qxc7 19. Red1 Qa5 20. Qc2 Qh5 21. a3 Be7 22. Qe4 Bf6 23. Bf3 Qh3 24. d5 Bf5 25. Qb4 Bxc3 26. Qxc3 cxd5 27. Rxd5 Rxd5 28. Bxd5 Rc8 29. Qb3 Be6 30. Qxb7 Bxd5 31. Qxd5 Qg4 32. Re1 Qg6 33. Qe4 Qf6 34. Re2 Rb8 35. Qc2 Qd6 36. b4 Rd8 37. Kg2 g6 38. Qe4 a5 39. Qe7 Qd5+ 40. Kg1 axb4 41. axb4 Rb8 42. Re1 Qb3 43. Re4 Qd1+ 44. Kg2 Qd5 45. f4 Rb7 1/2-1/2

[Event "Belgrade Trophy 26th"]
[Site "Belgrade"]
[Date "2012.11.27"]
[Round "4"]
[White "Rajkovic, Dusan"]
[Black "Vreljanski, Dragomir"]
[Result "1-0"]
[WhiteElo "2418"]
[BlackElo "2206"]
[PlyCount "63"]
[EventDate "2012.11.24"]
[EventType "swiss"]
[EventRounds "9"]
[EventCountry "SRB"]
[SourceTitle "CBM 151 Extra"]
[Source "ChessBase"]
[SourceDate "2012.12.18"]
[SourceVersion "1"]
[SourceVersionDate "2012.12.18"]
[SourceQuality "1"]

1. d4 e6 2. c4 Nf6 3. Nc3 d5 4. Bg5 Nbd7 5. cxd5 exd5 6. e3 c6 7. Bd3 Be7 8. Qc2 0-0 9. Nf3 Re8 10. h3 Nf8 11. 0-0-0 Be6 12. Kb1 Qa5 13. Nd2 N6d7 14. Bf4 Rec8 15. g4 a6 16. Nb3 Qd8 17. Bf5 a5 18. Nc1 Bxf5 19. gxf5 Nf6 20. Nd3 Ne8 21. Rhg1 Bf6 22. Ne5 Qe7 23. Ng4 Nd7 24. f3 b5 25. e4 b4 26. Na4 Kh8 27. e5 Bh4 28. Ne3 b3 29. axb3 c5 30. Nxd5 Qf8 31. Nab6 Nxb6 32. Nxb6 1-0

[Event "Belgrade Trophy 26th"]
[Site "Belgrade"]
[Date "2012.11.26"]
[Round "3"]
[White "Vreljanski, Dragomir"]
[Black "Zdravkovic, Dragan S"]
[Result "1-0"]
[WhiteElo "2206"]
[BlackElo "1917"]
[PlyCount "59"]
[EventDate "2012.11.24"]
[EventType "swiss"]
[EventRounds "9"]
[EventCountry "SRB"]
[SourceTitle "CBM 151 Extra"]
[Source "ChessBase"]
[SourceDate "2012.12.18"]
[SourceVersion "1"]
[SourceVersionDate "2012.12.18"]
[SourceQuality "1"]

1. d4 Nf6 2. Nf3 c5 3. d5 e6 4. Nc3 exd5 5. Nxd5 Nxd5 6. Qxd5 d6 7. Ng5 Qc7 8. e3 h6 9. Bb5+ Nc6 10. Nxf7 Qa5+ 11. Bd2 Qxb5 12. Nxh8 Ne5 13. Bc3 Qc6 14. Qxc6+ Nxc6 15. Ng6 Bf5 16. Nxf8 Kxf8 17. 0-0-0 Rd8 18. f3 d5 19. e4 Be6 20. exd5 Bxd5 21. Rhe1 b5 22. Re3 b4 23. Red3 Ne7 24. Be1 Rd7 25. Bf2 c4 26. R3d2 c3 27. Rd3 Ke8 28. Bc5 Be6 29. Rxd7 Bxd7 30. Re1 1-0

[Event "Belgrade-chT Quality"]
[Site "Belgrade"]
[Date "2011.11.01"]
[Round "8"]
[White "Vreljanski, Dragomir"]
[Black "Ilijc, Milan"]
[Result "1-0"]
[WhiteElo "2179"]
[BlackElo "2199"]
[PlyCount "83"]
[EventDate "2011.10.15"]
[EventType "team-swiss"]
[EventRounds "11"]
[EventCountry "SRB"]
[SourceTitle "EXT 2012"]
[Source "ChessBase"]
[SourceDate "2011.11.24"]
[SourceVersion "1"]
[SourceVersionDate "2011.11.24"]
[SourceQuality "1"]

1. d4 Nf6 2. Nf3 g6 3. g3 Bg7 4. Bg2 0-0 5. 0-0 d6 6. c4 Nbd7 7. Nc3 c6 8. h3 e5 9. e4 exd4 10. Nxd4 a5 11. Be3 Nc5 12. Re1 Re8 13. Qc2 a4 14. Rad1 Qa5 15. Kh2 Qb4 16. Bf1 Nfd7 17. Ncb5 Nxe4 18. Nc7 Re5 19. Nxa8 Qa5 20. Bf4 f5 21. Bxe5 Nxe5 22. Rxe4 fxe4 23. Qxe4 Qxa8 24. f4 Bf5 25. Nxf5 gxf5 26. Qxf5 Nf3+ 27. Kg2 Nd4 28. Qe4 c5 29. Bd3 Qa5 30. Qe8+ Bf8 31. Be4 Qc7 32. Bd5+ Kg7 33. Re1 Nf5 34. Qe6 Nh6 35. g4 b6 36. g5 Nf7 37. Qf6+ Kg8 38. Re8 Qd7 39. Rb8 Qc7 40. Rb7 Qxb7 41. Bxb7 Bg7 42. Qf5 1-0

[Event "Belgrade-chT"]
[Site "Belgrade"]
[Date "2008.10.10"]
[Round "6"]
[White "Vreljanski, Dragomir"]
[Black "Skare, Goran"]
[Result "1/2-1/2"]
[WhiteElo "2177"]
[BlackElo "2312"]
[PlyCount "54"]
[EventDate "2008.10.05"]
[EventType "team-tourn"]
[EventRounds "9"]
[EventCountry "YUG"]
[SourceTitle "CBM 126 Extra"]
[Source "ChessBase"]
[SourceDate "2008.11.05"]
[SourceVersion "1"]
[SourceVersionDate "2008.11.05"]
[SourceQuality "1"]

1. d4 f5 2. Bg5 Nf6 3. Bxf6 exf6 4. e3 d5 5. Bd3 c6 6. c3 Bd6 7. Qc2 g6 8. Ne2 Be6 9. h4 h5 10. g3 Nd7 11. Nd2 Qe7 12. 0-0-0 0-0-0 13. Nf3 Kb8 14. Kb1 Nb6 15. Nf4 Bf7 16. b3 Rc8 17. Ne2 Rc7 18. Qd2 Rd8 19. Bc2 Nc8 20. Ne1 c5 21. dxc5 Bxc5 22. Nf3 Nd6 23. Nfd4 Bb6 24. Bd3 a6 25. Kb2 Ba5 26. Rc1 Rdc8 27. Rc2 Ka8 1/2-1/2

[Event "Belgrade-chT"]
[Site "Belgrade"]
[Date "2008.10.09"]
[Round "5"]
[White "Pavlovic, Dragoljub"]
[Black "Vreljanski, Dragomir"]
[Result "1/2-1/2"]
[WhiteElo "2296"]
[BlackElo "2177"]
[PlyCount "125"]
[EventDate "2008.10.05"]
[EventType "team-tourn"]
[EventRounds "9"]
[EventCountry "YUG"]
[SourceTitle "CBM 126 Extra"]
[Source "ChessBase"]
[SourceDate "2008.11.05"]
[SourceVersion "1"]
[SourceVersionDate "2008.11.05"]
[SourceQuality "1"]

1. d4 e6 2. c4 Nf6 3. Nf3 d5 4. g3 dxc4 5. Bg2 Be7 6. 0-0 0-0 7. Qc2 a6 8. Qxc4 b5 9. Qc2 Bb7 10. Bd2 Be4 11. Qc1 Ra7 12. Nc3 Ba8 13. Rd1 Qc8 14. a3 c5 15. dxc5 Bxc5 16. Be3 Ng4 17. Bxc5 Qxc5 18. Rf1 Ne5 19. Nxe5 Qxe5 20. Bxa8 Rxa8 21. Qf4 Qxf4 22. gxf4 Nc6 23. e3 Rfd8 24. Rfd1 Rxd1+ 25. Rxd1 Rd8 26. Rxd8+ Nxd8 27. Ne4 Nb7 28. Kf1 Kf8 29. Ke2 Ke7 30. Kd3 f5 31. Ng5 h6 32. Nf3 Kd6 33. Kd4 Nc5 34. Ne5 Nb3+ 35. Kc3 Nc5 36. Kb4 Nb7 37. h4 Kd5 38. Nf3 Ke4 39. Nd4 e5 40. fxe5 Kxe5 41. Nc6+ Ke4 42. Kc3 f4 43. Nd4 g6 44. Kd2 fxe3+ 45. fxe3 Nd6 46. Ne6 Nc4+ 47. Ke2 Nxe3 48. Nc5+ Kd5 49. Nxa6 Nf5 50. Nb4+ Ke4 51. Na2 Nxh4 52. Nc3+ Kd4 53. Nxb5+ Kc4 54. Nd6+ Kb3 55. Nf7 Nf5 56. Kf3 h5 57. Kf4 Ne7 58. Kg5 Kxb2 59. a4 Nc6 60. Kxg6 h4 61. Ng5 Kb3 62. Kh5 Kxa4 63. Kxh4 1/2-1/2

[Event "Belgrade-chT"]
[Site "Belgrade"]
[Date "2008.10.07"]
[Round "3"]
[White "Mihic, Bojan"]
[Black "Vreljanski, Dragomir"]
[Result "1-0"]
[WhiteElo "2376"]
[BlackElo "2177"]
[PlyCount "75"]
[EventDate "2008.10.05"]
[EventType "team-tourn"]
[EventRounds "9"]
[EventCountry "YUG"]
[SourceTitle "CBM 126 Extra"]
[Source "ChessBase"]
[SourceDate "2008.11.05"]
[SourceVersion "1"]
[SourceVersionDate "2008.11.05"]
[SourceQuality "1"]

1. Nf3 d5 2. c4 e6 3. d4 Nf6 4. Nc3 c6 5. Bg5 Nbd7 6. e3 Qa5 7. cxd5 Nxd5 8. Qd2 Bb4 9. Rc1 c5 10. Bd3 0-0 11. 0-0 h6 12. Bh4 cxd4 13. exd4 N7b6 14. Bb1 Nxc3 15. bxc3 Bd6 16. Bg3 Rd8 17. Rfe1 Bxg3 18. hxg3 Qa3 19. Qd3 g6 20. Ne5 Qf8 21. Re3 Qg7 22. Rf3 Rf8 23. Re1 Bd7 24. Nxd7 Nxd7 25. Qb5 Nb6 26. a4 Rab8 27. Ba2 Nc8 28. a5 Nd6 29. Qc5 Nf5 30. Qxa7 h5 31. Bb1 Nd6 32. Qb6 Nc4 33. Qb4 Nd2 34. Rfe3 Nxb1 35. Rxb1 Rfd8 36. Re5 Qh6 37. Rb5 Qd2 38. a6 1-0

[Event "Belgrade Trophy 19th"]
[Site "Belgrade"]
[Date "2006.11.30"]
[Round "9"]
[White "Vreljanski, Dragomir"]
[Black "Nesovanovic, Miroslav"]
[Result "1/2-1/2"]
[WhiteElo "2193"]
[BlackElo "1974"]
[PlyCount "26"]
[EventDate "2006.11.22"]
[EventType "swiss"]
[EventRounds "9"]
[EventCountry "YUG"]
[SourceTitle "CBM 115 Extra"]
[Source "ChessBase"]
[SourceDate "2007.01.10"]
[SourceVersion "1"]
[SourceVersionDate "2007.01.10"]
[SourceQuality "1"]

1. d4 Nf6 2. Nf3 e6 3. Bg5 Be7 4. Nbd2 d5 5. e3 Nbd7 6. Bd3 h6 7. Bh4 c6 8. 0-0 0-0 9. c4 Re8 10. a3 dxc4 11. Nxc4 Nd5 12. Bg3 N7f6 13. b4 Nb6 1/2-1/2

[Event "Belgrade Trophy 19th"]
[Site "Belgrade"]
[Date "2006.11.28"]
[Round "7"]
[White "Dimitrijevic, Radmilo"]
[Black "Vreljanski, Dragomir"]
[Result "1/2-1/2"]
[WhiteElo "2028"]
[BlackElo "2193"]
[PlyCount "82"]
[EventDate "2006.11.22"]
[EventType "swiss"]
[EventRounds "9"]
[EventCountry "YUG"]
[SourceTitle "CBM 115 Extra"]
[Source "ChessBase"]
[SourceDate "2007.01.10"]
[SourceVersion "1"]
[SourceVersionDate "2007.01.10"]
[SourceQuality "1"]

1. e4 e6 2. d4 d5 3. exd5 exd5 4. Bd3 Nc6 5. Nf3 Bd6 6. 0-0 Nge7 7. c3 Bg4 8. h3 Bf5 9. Re1 Qd7 10. Nbd2 f6 11. b4 Bg6 12. Nb3 0-0 13. b5 Nd8 14. a4 Ne6 15. c4 Bxd3 16. Qxd3 Ng6 17. c5 Bf4 18. c6 bxc6 19. Qf5 Rfe8 20. Bxf4 Ngxf4 21. g3 Ng6 22. bxc6 Qxc6 23. Rac1 Qd6 24. Na5 Ngf8 25. Rc6 Qd7 26. Rec1 Rac8 27. Kg2 Ng6 28. Kg1 Ngf8 29. Kg2 Qf7 30. Nb7 Qd7 31. Na5 Rb8 32. Ra6 c5 33. dxc5 Nxc5 34. Qxd7 Nfxd7 35. Rxa7 Ra8 36. Rxa8 Rxa8 37. Nc6 Kf7 38. a5 Nb3 39. Rd1 Ke6 40. Ncd4+ Nxd4 41. Nxd4+ Kd6 1/2-1/2

[Event "Belgrade Trophy 19th"]
[Site "Belgrade"]
[Date "2006.11.27"]
[Round "6"]
[White "Vreljanski, Dragomir"]
[Black "Cvetkovic, Srdjan"]
[Result "0-1"]
[WhiteElo "2193"]
[BlackElo "2396"]
[PlyCount "90"]
[EventDate "2006.11.22"]
[EventType "swiss"]
[EventRounds "9"]
[EventCountry "YUG"]
[SourceTitle "CBM 115 Extra"]
[Source "ChessBase"]
[SourceDate "2007.01.10"]
[SourceVersion "1"]
[SourceVersionDate "2007.01.10"]
[SourceQuality "1"]

1. d4 Nf6 2. Nf3 d5 3. Bf4 c5 4. e3 Nc6 5. c3 Qb6 6. Qc1 Bf5 7. Nbd2 Rc8 8. Be2 e6 9. a3 Be7 10. h3 0-0 11. 0-0 Rfd8 12. Ne5 cxd4 13. Nxc6 bxc6 14. exd4 c5 15. dxc5 Bxc5 16. a4 a5 17. Bb5 d4 18. Nc4 Qa7 19. cxd4 Bxd4 20. Be3 Bd3 21. Rd1 Bxc4 22. Rxd4 Rxd4 23. Bxc4 Rdxc4 24. Qxc4 Rxc4 25. Bxa7 Nd5 26. b3 Rc3 27. Rb1 f6 28. Bd4 Rd3 29. Bc5 Kf7 30. b4 Rc3 31. Rb2 Rc4 32. Kh2 h5 33. g3 g5 34. Bd6 Rc6 35. Bc5 g4 36. Kg2 e5 37. hxg4 hxg4 38. f3 axb4 39. Bf2 gxf3+ 40. Kxf3 Rc3+ 41. Ke2 Ra3 42. Be1 Rxa4 43. Kd3 Ke6 44. Kc4 Ra3 45. Rb1 Re3 0-1

[Event "Belgrade Trophy 19th"]
[Site "Belgrade"]
[Date "2006.11.24"]
[Round "3"]
[White "Vreljanski, Dragomir"]
[Black "Pushkov, Nikolai"]
[Result "0-1"]
[WhiteElo "2193"]
[BlackElo "2482"]
[PlyCount "86"]
[EventDate "2006.11.22"]
[EventType "swiss"]
[EventRounds "9"]
[EventCountry "YUG"]
[SourceTitle "CBM 115 Extra"]
[Source "ChessBase"]
[SourceDate "2007.01.10"]
[SourceVersion "1"]
[SourceVersionDate "2007.01.10"]
[SourceQuality "1"]

1. d4 Nf6 2. Nf3 e6 3. Bf4 b6 4. e3 Bb7 5. Nbd2 Be7 6. Bd3 Nh5 7. Bg3 d6 8. e4 Nd7 9. Qe2 c5 10. c3 a6 11. Nf1 Nxg3 12. Nxg3 b5 13. 0-0 0-0 14. Nd2 Qb6 15. dxc5 Qxc5 16. Rfe1 Ne5 17. Bc2 Rac8 18. Kh1 Ng6 19. Nb3 Qc7 20. a3 Rfd8 21. Qe3 Ne5 22. Rad1 Nc4 23. Qc1 d5 24. Nd4 h6 25. Bb1 Bg5 26. Qc2 g6 27. exd5 Bxd5 28. Ne4 Be7 29. Qc1 Kg7 30. Ng3 Bg5 31. Qc2 Qb6 32. Qe2 Qb7 33. Be4 Bf6 34. Bxd5 Rxd5 35. Nf3 Rcd8 36. Rxd5 Qxd5 37. h3 Qd3 38. Qxd3 Rxd3 39. Re2 Rd1+ 40. Kh2 Rb1 41. Ne4 Rxb2 42. Rxb2 Nxb2 43. Nxf6 Kxf6 0-1